Flowers for the Earth Lord (Record no. 1354)
[ view plain ]
| 000 -CABECERA | |
|---|---|
| campo de control de longitud fija | 01004nam a2200253 a 4500 |
| 001 - NÚMERO DE CONTROL | |
| campo de control | BRCA_1493 |
| 005 - FECHA Y HORA DE LA ÚLTIMA TRANSACCIÓN | |
| campo de control | 20190320203443.0 |
| 008 - DATOS DE LONGITUD FIJA--INFORMACIÓN GENERAL | |
| campo de control de longitud fija | 160508s2006----us-a---###---#000-0#eng-# |
| 050 #4 - SIGNATURA TOPOGRÁFICA DE LA BIBLIOTECA DEL CONGRESO | |
| Número de clasificación | NK4718 |
| Número de documento/Ítem | .A73 2006 |
| 100 1# - ENTRADA PRINCIPAL--NOMBRE DE PERSONA | |
| Nombre de persona | Ardren, Traci |
| 9 (RLIN) | 4876 |
| 245 10 - MENCIÓN DE TÍTULO | |
| Título | Flowers for the Earth Lord |
| Resto del título | Guatemalan Textiles from the Permanent Collection |
| Mención de responsabilidad, etc. | by Traci Ardren ; with photographs by Jeffrey J. Foxx. |
| 260 ## - PUBLICACIÓN, DISTRIBUCIÓN, ETC. | |
| Lugar de publicación, distribución, etc. | Coral Gables, Florida |
| Nombre del editor, distribuidor, etc. | Lowe Art Museum, University of Miami |
| Fecha de publicación, distribución, etc. | 2006 |
| 300 ## - DESCRIPCIÓN FÍSICA | |
| Extensión | 164 p. |
| Otras características físicas | il. a color |
| Dimensiones | 28 cm. |
| 500 ## - NOTA GENERAL | |
| Nota general | Catálogo de la exposición realizada en The Lowe Art Museum (Miami), 23 septiembre - 12 noviembre, 2006 |
| 500 ## - NOTA GENERAL | |
| Nota general | Incluye glosario |
| 504 ## - NOTA DE BIBLIOGRAFÍA, ETC. | |
| Nota de bibliografía, etc. | Bibliografía : p. 161 |
| 546 ## - NOTA DE LENGUA/LENGUAJE | |
| Nota de lengua/lenguaje | Texto en : inglés y español |
| 610 24 - PUNTO DE ACCESO ADICIONAL DE MATERIA--NOMBRE DE ENTIDAD CORPORATIVA | |
| Nombre de entidad corporativa o nombre de jurisdicción como elemento de entrada | Museo de Arte Lowe (Miami) |
| Subdivisión general | Colecciones de textiles |
| 9 (RLIN) | 4877 |
| 650 14 - PUNTO DE ACCESO ADICIONAL DE MATERIA--TÉRMINO DE MATERIA | |
| Término de materia o nombre geográfico como elemento de entrada | Vestidos mayas |
| 9 (RLIN) | 4878 |
| 650 14 - PUNTO DE ACCESO ADICIONAL DE MATERIA--TÉRMINO DE MATERIA | |
| Término de materia o nombre geográfico como elemento de entrada | Arte textil |
| Subdivisión geográfica | Guatemala |
| 9 (RLIN) | 4879 |
| 650 14 - PUNTO DE ACCESO ADICIONAL DE MATERIA--TÉRMINO DE MATERIA | |
| Término de materia o nombre geográfico como elemento de entrada | Indumentaria indígena |
| 9 (RLIN) | 4880 |
| 700 1# - PUNTO DE ACCESO ADICIONAL--NOMBRE DE PERSONA | |
| Nombre de persona | Foxx, Jeffrey J |
| 9 (RLIN) | 4881 |
| 942 ## - ELEMENTOS DE PUNTO DE ACCESO ADICIONAL (KOHA) | |
| Fuente del sistema de clasificación o colocación | Library of Congress Classification |
| Tipo de ítem Koha | Libros |
| Estado de retiro | Estado de pérdida | Estado dañado | No para préstamo | Localización permanente | Ubicación/localización actual | Fecha de adquisición | Total de préstamos | Signatura topográfica completa | Código de barras | Fecha visto por última vez | Precio válido a partir de | Tipo de ítem Koha |
|---|---|---|---|---|---|---|---|---|---|---|---|---|
| El ejemplar forma parte de la colección y puede ser consultado según las políticas vigentes. | Biblioteca del Museo Franz Mayer (Rogerio Casas-Alatriste) | Biblioteca del Museo Franz Mayer (Rogerio Casas-Alatriste) | 26/06/2008 | NK4718 .A73 2006 | 02022 | 22/03/2019 | 22/03/2019 | Libros |